UBT Library

Winston S. Churchill: youth, 1874-1900. Based upon Randolph S. Churchill's book "Winston S. Churchill." (Record no. 40071)

000 -LEADER
fixed length control field 00595cam a22001931 4500
001 - CONTROL NUMBER
control field 2174257
005 - DATE AND TIME OF LATEST TRANSACTION
control field 20180111042034.0
008 - FIXED-LENGTH DATA ELEMENTS--GENERAL INFORMATION
fixed length control field 700729s1966 miuach 000 0beng
010 ## - LIBRARY OF CONGRESS CONTROL NUMBER
LC control number 68006091
040 ## - CATALOGING SOURCE
Original cataloging agency DLC
Transcribing agency DLC
Modifying agency DLC
041 ## - LANGUAGE CODE
Language code of text/sound track or separate title eng
080 ## - UNIVERSAL DECIMAL CLASSIFICATION NUMBER
Universal Decimal Classification number 941
082 ## - DEWEY DECIMAL CLASSIFICATION NUMBER
Edition number 941 CHU
100 ## - Rafti
Rafti 19
101 ## - Shkurtesa
Shkurtesa HIS
245 00 - TITLE STATEMENT
Title Winston S. Churchill: youth, 1874-1900. Based upon Randolph S. Churchill's book "Winston S. Churchill."
Statement of responsibility, etc A Giniger portfolio published in association with University Microfilms.
906 ## - LOCAL DATA ELEMENT F, LDF (RLIN)
a 7
b cbc
c orignew
d u
e ncip
f 19
g y-gencatlg
942 ## - ADDED ENTRY ELEMENTS (KOHA)
Source of classification or shelving scheme
Item type Books
Holdings
Withdrawn status Lost status Source of classification or shelving scheme Damaged status Not for loan Collection code Permanent location Current location Shelving location Date acquired Total Checkouts Full call number Barcode Date last seen Price effective from Koha item type
          Koleksioni i përgjithshem UBT - Lipjan UBT - Lipjan Koleksioni i përgjithshem 01/11/2018   941 CHU 002-2995056 01/11/2018 01/11/2018 Books
UBT Library © 2015-2024. All rights reserved University Education for Business and Technology